Normal view
MARC view
Entry Personal Name
001 - CONTROL NUMBER
- control field: 260558
003 - CONTROL NUMBER IDENTIFIER
- control field: OSt
005 - DATE AND TIME OF LATEST TRANSACTION
- control field: 20260407160720.0
008 - FIXED-LENGTH DATA ELEMENTS
- fixed length control field: 260407|| aca||aabn | a|a d
040 ## - CATALOGING SOURCE
- Original cataloging agency: OSt
- Transcribing agency: OSt
100 ## - HEADING--PERSONAL NAME
- Personal name: AJNEY.
- Dates associated with a name: अज्ञेय
670 ## - SOURCE DATA FOUND
- Source citation: Work cat.: (OSt)113275: AJNEY. अज्ञेय, Ye tere pratirup., 1981